[Event "46. Villa de Mislata - Open B 2012"]
[Site "Mislata ESP"]
[Date "2012.08.16"]
[Round "5.7"]
[White "Ventura Monfort, Santiago"]
[Black "Luque Martin, Jonathan"]
[Result "1-0"]
[WhiteElo "2066"]
[BlackElo "1942"]
[PlyCount "97"]
[EventDate "2012.08.13"]
[EventType "tourn"]
[EventRounds "9"]
[EventCountry "ESP"]
[EventCategory "2"]
[Source "lmi"]
[SourceDate "2012.08.13"]

1. e4 c5 2. Nf3 g6 3. d4 cxd4 4. Nxd4 Nc6 5. Nc3 Bg7 6. Be3 Nf6 7. f3 O-O 8.
Qd2 d5 9. O-O-O Nxd4 10. Bxd4 dxe4 11. fxe4 Be6 12. Kb1 Qa5 13. Bxf6 Bxf6 14.
Nd5 Qxd2 15. Nxf6+ exf6 16. Rxd2 Rfd8 17. Rxd8+ Rxd8 18. Bd3 Bd7 19. g3 Bc6 20.
Re1 Re8 21. Re2 Re5 22. c3 h5 23. Kc2 Kg7 24. b4 Kh6 25. c4 a6 26. h4 Kg7 27.
Kb3 Bd7 28. Kc3 Kf8 29. a3 b6 30. Kd4 Ke7 31. Rc2 a5 32. c5 bxc5+ 33. Rxc5 axb4
34. axb4 Re6 35. Bb5 Rd6+ 36. Ke3 Bxb5 37. Rxb5 Rd1 38. Rb7+ Kf8 39. b5 Rb1 40.
b6 Kg7 41. Kd4 Rb3 42. Kc4 Rxg3 43. Ra7 Rg1 44. Ra3 Rc1+ 45. Rc3 Rb1 46. Rb3
Rc1+ 47. Kb5 Rc8 48. b7 Rb8 49. Kc6 1-0

[Event "46. Villa de Mislata - Open B 2012"]
[Site "Mislata ESP"]
[Date "2012.08.16"]
[Round "5.8"]
[White "Perez Garcia, Jose Miguel"]
[Black "Cebolla Moll, Ricardo"]
[Result "1-0"]
[WhiteElo "1967"]
[BlackElo "2038"]
[PlyCount "55"]
[EventDate "2012.08.13"]
[EventType "tourn"]
[EventRounds "9"]
[EventCountry "ESP"]
[EventCategory "2"]
[Source "lmi"]
[SourceDate "2012.08.13"]

1. Nf3 Nf6 2. c4 c5 3. Nc3 d5 4. cxd5 Nxd5 5. g3 e6 6. Bg2 Be7 7. O-O Nc6 8.
Nxd5 Qxd5 9. d3 Qd8 10. Be3 O-O 11. Rc1 Nd4 12. Rc4 Qa5 13. Nxd4 cxd4 14. Bxd4
Qh5 15. e3 Qh6 16. Rc7 Bd6 17. Bxb7 Bxc7 18. Bxa8 e5 19. Bc3 Rd8 20. Be4 Qa6
21. Qf3 Qxa2 22. d4 exd4 23. Bxd4 Bb6 24. Bc3 Qe6 25. Bb7 Qg4 26. Qxg4 Bxg4 27.
Kg2 Rd7 28. Bc8 1-0

[Event "46. Villa de Mislata - Open B 2012"]
[Site "Mislata ESP"]
[Date "2012.08.16"]
[Round "5.9"]
[White "Martinez Hernandez, Javier"]
[Black "Diaz Benitez, Ricardo"]
[Result "1/2-1/2"]
[WhiteElo "1963"]
[BlackElo "2020"]
[PlyCount "38"]
[EventDate "2012.08.13"]
[EventType "tourn"]
[EventRounds "9"]
[EventCountry "ESP"]
[EventCategory "2"]
[Source "lmi"]
[SourceDate "2012.08.13"]

1. Nf3 d5 2. g3 Nf6 3. Bg2 Bf5 4. d3 e6 5. O-O Be7 6. h3 h6 7. Nc3 O-O 8. Bf4
c6 9. g4 Bh7 10. e3 Nbd7 11. Qd2 Re8 12. Rae1 a5 13. Kh1 Nc5 14. Rg1 b5 15. Bh2
Qb6 16. Ne5 Rad8 17. f4 Nfd7 18. d4 Ne4 19. Nxe4 dxe4 1/2-1/2

[Event "46. Villa de Mislata - Open B 2012"]
[Site "Mislata ESP"]
[Date "2012.08.16"]
[Round "5.10"]
[White "Alba Zaragoza, Vicente"]
[Black "Martin Ayala, David"]
[Result "1-0"]
[WhiteElo "1825"]
[BlackElo "2060"]
[PlyCount "143"]
[EventDate "2012.08.13"]
[EventType "tourn"]
[EventRounds "9"]
[EventCountry "ESP"]
[EventCategory "2"]
[Source "lmi"]
[SourceDate "2012.08.13"]

1. e4 d5 2. exd5 Nf6 3. Nf3 Nxd5 4. d4 g6 5. c4 Nb6 6. Nc3 Bg7 7. h3 O-O 8. Be2
Nc6 9. Be3 e5 10. dxe5 Nxe5 11. Nxe5 Bxe5 12. Qb3 Be6 13. Rd1 Qh4 14. Bxb6 axb6
15. Nd5 Rfe8 16. O-O Bxd5 17. Rxd5 Qf4 18. g3 Qf6 19. Rd2 Rad8 20. Rfd1 Bd4 21.
Bf3 c6 22. Kg2 h5 23. h4 Bc5 24. Rxd8 Rxd8 25. Rxd8+ Qxd8 26. Qc2 Qd4 27. b3
Kg7 28. Qe2 Kf8 29. Be4 Qa1 30. Qf3 Kg7 31. Qe2 Bd4 32. a4 Qc3 33. Bc2 Kf6 34.
Qf3+ Ke5 35. Qf4+ Ke6 36. Qe4+ Kd6 37. Qf4+ Be5 38. Qe4 f5 39. Qd3+ Qxd3 40.
Bxd3 Kc5 41. Kf3 Kb4 42. Bc2 Kc3 43. Bd1 Kd2 44. Be2 Bd6 45. c5 Bxc5 46. Bc4
Be7 47. Bf7 g5 48. hxg5 Bxg5 49. Bxh5 Kc3 50. Bf7 c5 51. g4 fxg4+ 52. Kxg4 Bf6
53. f4 Kd4 54. Kf5 Bd8 55. Ke6 Bh4 56. f5 c4 57. bxc4 Kxc4 58. Be8 Kc5 59. f6
Bxf6 60. Kxf6 Kd6 61. Bb5 Kc7 62. Ke7 Kc8 63. Kd6 Kb8 64. Kd5 Kc7 65. Kc4 Kd6
66. Kb4 Kc7 67. Be8 Kd8 68. Kb5 Kc7 69. Bh5 Kb8 70. Kxb6 Ka8 71. Bf3 Kb8 72. a5
1-0

[Event "46. Villa de Mislata - Open B 2012"]
[Site "Mislata ESP"]
[Date "2012.08.16"]
[Round "6.1"]
[White "Gomez Benitez, David"]
[Black "Bas Mas, Miguel"]
[Result "1/2-1/2"]
[WhiteElo "2062"]
[BlackElo "1925"]
[PlyCount "37"]
[EventDate "2012.08.13"]
[EventType "tourn"]
[EventRounds "9"]
[EventCountry "ESP"]
[EventCategory "2"]
[Source "lmi"]
[SourceDate "2012.08.13"]

1. e4 c5 2. Nc3 e6 3. Nf3 a6 4. g3 Nc6 5. Bg2 d6 6. O-O Nf6 7. Re1 Qc7 8. d4
cxd4 9. Nxd4 Be7 10. h3 O-O 11. g4 Nxd4 12. Qxd4 Rb8 13. a4 b6 14. Be3 Nd7 15.
Rad1 Nc5 16. g5 Bd7 17. h4 Bc6 18. h5 e5 19. Qc4 1/2-1/2

[Event "46. Villa de Mislata - Open B 2012"]
[Site "Mislata ESP"]
[Date "2012.08.16"]
[Round "6.2"]
[White "Monmeneu Chulia, Vicente Juan"]
[Black "Romero Calduch, Sergio"]
[Result "1/2-1/2"]
[WhiteElo "1998"]
[BlackElo "1972"]
[PlyCount "53"]
[EventDate "2012.08.13"]
[EventType "tourn"]
[EventRounds "9"]
[EventCountry "ESP"]
[EventCategory "2"]
[Source "lmi"]
[SourceDate "2012.08.13"]

1. d4 Nf6 2. c4 g6 3. Nc3 Bg7 4. e4 d6 5. Nf3 Bg4 6. Be2 O-O 7. O-O Nfd7 8. Be3
c5 9. d5 Qa5 10. Qd2 Na6 11. g3 Nc7 12. Bh6 Bxh6 13. Qxh6 Bxf3 14. Bxf3 b5 15.
Be2 bxc4 16. f4 Nb5 17. Rf3 f6 18. Nxb5 Qxb5 19. b3 Qa5 20. Bxc4 Rf7 21. a4 Qd2
22. Raf1 Qd4+ 23. Kh1 Rg7 24. Qh3 Nb6 25. Qe6+ Kh8 26. Bb5 Rb8 27. Rd3 1/2-1/2

[Event "46. Villa de Mislata - Open B 2012"]
[Site "Mislata ESP"]
[Date "2012.08.16"]
[Round "6.3"]
[White "Palacios Herrero, Pablo"]
[Black "Lopez Mulet, Inigo"]
[Result "0-1"]
[WhiteElo "1926"]
[BlackElo "1960"]
[PlyCount "88"]
[EventDate "2012.08.13"]
[EventType "tourn"]
[EventRounds "9"]
[EventCountry "ESP"]
[EventCategory "2"]
[Source "lmi"]
[SourceDate "2012.08.13"]

1. e4 e6 2. d4 d5 3. e5 c5 4. c3 Nc6 5. Nf3 Bd7 6. a3 Nge7 7. b4 cxb4 8. cxb4
Nf5 9. Bb2 b5 10. Bd3 Nh4 11. O-O Nxf3+ 12. Qxf3 a5 13. bxa5 Nxa5 14. Nd2 Nc4
15. Nxc4 bxc4 16. Bc2 Ba4 17. Bxa4+ Rxa4 18. Qg3 g6 19. f4 Be7 20. Kh1 Qa8 21.
Qf3 O-O 22. f5 exf5 23. g4 fxg4 24. Qxg4 Qc8 25. Qf3 Qe6 26. Qg2 Rb8 27. Rf3
Rb7 28. Raf1 Bd8 29. Bc1 c3 30. Rxc3 Rxd4 31. Bf4 Rc7 32. Rb3 Rdc4 33. Rb8 Rc8
34. Rb7 Rc2 35. Qf3 R8c3 36. Qd1 Qc6 37. Qd4 Qxb7 38. e6 Rc4 39. exf7+ Qxf7 40.
Qe3 Qe7 41. Bh6 Rxh2+ 42. Kxh2 Qh4+ 43. Qh3 Rc2+ 44. Kg1 Bb6+ 0-1

[Event "46. Villa de Mislata - Open B 2012"]
[Site "Mislata ESP"]
[Date "2012.08.16"]
[Round "6.4"]
[White "Nieves Cabanes, Jose Manuel"]
[Black "Ventura Monfort, Santiago"]
[Result "1-0"]
[WhiteElo "1872"]
[BlackElo "2066"]
[PlyCount "81"]
[EventDate "2012.08.13"]
[EventType "tourn"]
[EventRounds "9"]
[EventCountry "ESP"]
[EventCategory "2"]
[Source "lmi"]
[SourceDate "2012.08.13"]

1. d4 Nf6 2. c4 e6 3. Nc3 d5 4. Bg5 c6 5. e3 h6 6. Bh4 Nbd7 7. Nf3 Qa5 8. Bd3
dxc4 9. Bxc4 Nb6 10. Bb3 Nbd5 11. Qd3 Bb4 12. Rc1 b6 13. Bc4 Bb7 14. O-O O-O
15. e4 Nf4 16. Qe3 g5 17. Bg3 N6h5 18. a3 Be7 19. Rfd1 b5 20. Bb3 Nxg3 21. hxg3
Ng6 22. d5 exd5 23. exd5 Rad8 24. Bc2 Bf6 25. Bxg6 fxg6 26. dxc6 Rxd1+ 27. Rxd1
Bc8 28. Qd3 Bf5 29. Qxb5 Qxb5 30. Nxb5 Bxb2 31. Nxa7 Bxa3 32. c7 Bc5 33. Nb5
Kf7 34. Rc1 Bb6 35. Nd6+ Kf6 36. Nxf5 Bxc7 37. Nxh6 Bd6 38. Rc6 Rd8 39. Ng4+
Kf5 40. Ne3+ Ke4 41. Nxg5+ 1-0

[Event "46. Villa de Mislata - Open B 2012"]
[Site "Mislata ESP"]
[Date "2012.08.16"]
[Round "6.5"]
[White "Leon Colan, Carlos Edmundo"]
[Black "Llamazares Lopez, Marcos"]
[Result "0-1"]
[WhiteElo "2021"]
[BlackElo "2002"]
[PlyCount "32"]
[EventDate "2012.08.13"]
[EventType "tourn"]
[EventRounds "9"]
[EventCountry "ESP"]
[EventCategory "2"]
[Source "lmi"]
[SourceDate "2012.08.13"]

1. d4 d5 2. e3 Nf6 3. Bd3 c6 4. Nd2 e6 5. f4 Nbd7 6. Nh3 c5 7. c3 Qa5 8. a3 b5
9. O-O c4 10. Bb1 b4 11. cxb4 Bxb4 12. Ba2 Be7 13. Qf3 Rb8 14. Nf2 Ba6 15. Nb1
c3 16. Nxc3 Bxf1 0-1

[Event "46. Villa de Mislata - Open B 2012"]
[Site "Mislata ESP"]
[Date "2012.08.16"]
[Round "6.6"]
[White "Echeverria, Nestor"]
[Black "Alba Zaragoza, Vicente"]
[Result "1-0"]
[WhiteElo "2014"]
[BlackElo "1825"]
[PlyCount "37"]
[EventDate "2012.08.13"]
[EventType "tourn"]
[EventRounds "9"]
[EventCountry "ESP"]
[EventCategory "2"]
[Source "lmi"]
[SourceDate "2012.08.13"]

1. d4 Nf6 2. Nf3 e6 3. Bf4 Nh5 4. Bg3 Nxg3 5. hxg3 b6 6. Nbd2 Ba6 7. e4 Bxf1 8.
Kxf1 c5 9. d5 exd5 10. exd5 d6 11. Qe2+ Qe7 12. Qd3 Kd7 13. Re1 Qd8 14. Qb5+
Kc7 15. Re8 Qd7 16. Qe2 Kb7 17. Rh4 Na6 18. Rxa8 Kxa8 19. Qxa6 1-0

[Event "46. Villa de Mislata - Open B 2012"]
[Site "Mislata ESP"]
[Date "2012.08.16"]
[Round "6.7"]
[White "Ortega Gadea, Santiago"]
[Black "Perez Garcia, Jose Miguel"]
[Result "1-0"]
[WhiteElo "2047"]
[BlackElo "1967"]
[PlyCount "43"]
[EventDate "2012.08.13"]
[EventType "tourn"]
[EventRounds "9"]
[EventCountry "ESP"]
[EventCategory "2"]
[Source "lmi"]
[SourceDate "2012.08.13"]

1. e4 c6 2. d4 d5 3. exd5 cxd5 4. c4 Nf6 5. Nc3 g6 6. cxd5 Bg7 7. Bc4 O-O 8.
Nf3 a6 9. a4 Nbd7 10. O-O Nb6 11. Bb3 Nbxd5 12. Re1 Bg4 13. h3 Bxf3 14. Qxf3 e6
15. Bg5 h6 16. Bh4 Nxc3 17. bxc3 g5 18. Bg3 Qa5 19. Be5 Rac8 20. Bxf6 Rxc3 21.
Re3 Rxe3 22. fxe3 1-0

[Event "46. Villa de Mislata - Open B 2012"]
[Site "Mislata ESP"]
[Date "2012.08.16"]
[Round "6.8"]
[White "Baeza Garcia, Agustin"]
[Black "Segarra Martinez, Axel"]
[Result "1-0"]
[WhiteElo "1939"]
[BlackElo "2091"]
[PlyCount "93"]
[EventDate "2012.08.13"]
[EventType "tourn"]
[EventRounds "9"]
[EventCountry "ESP"]
[EventCategory "2"]
[Source "lmi"]
[SourceDate "2012.08.13"]

1. d4 Nf6 2. c4 c5 3. d5 e6 4. Nc3 exd5 5. cxd5 d6 6. e4 g6 7. h3 Bg7 8. Nf3
O-O 9. Bd3 Re8 10. O-O a6 11. a4 Qc7 12. Bf4 Nbd7 13. Re1 Rb8 14. Qd2 c4 15.
Bc2 b5 16. axb5 axb5 17. Nd4 Ne5 18. Bxe5 Rxe5 19. Nc6 b4 20. Ne2 Nxe4 21. Bxe4
Rxe4 22. Nxb8 Qxb8 23. Ng3 c3 24. Qc2 Rxe1+ 25. Rxe1 Bd7 26. bxc3 Bxc3 27. Rb1
Qa8 28. Qb3 Qa3 29. Qc4 Ba4 30. Ne4 Bc2 31. Nxc3 Bxb1 32. Nxb1 Qb2 33. Qd3 b3
34. Nd2 Qc1+ 35. Kh2 b2 36. Nb1 Qf4+ 37. Kg1 h5 38. Qd2 Qe5 39. Qc3 Qxd5 40.
Qxb2 Qd1+ 41. Kh2 d5 42. Nd2 Qa4 43. Qb8+ Kh7 44. Nf3 Qd7 45. Qf8 Qf5 46. Qd6
Kg7 47. Qe5+ 1-0

[Event "46. Villa de Mislata - Open B 2012"]
[Site "Mislata ESP"]
[Date "2012.08.16"]
[Round "6.9"]
[White "Cortes Marti, Javier"]
[Black "Albo Ruiz, Jose Martin"]
[Result "1-0"]
[WhiteElo "2045"]
[BlackElo "1917"]
[PlyCount "81"]
[EventDate "2012.08.13"]
[EventType "tourn"]
[EventRounds "9"]
[EventCountry "ESP"]
[EventCategory "2"]
[Source "lmi"]
[SourceDate "2012.08.13"]

1. d4 Nf6 2. c4 c5 3. d5 e6 4. Nc3 exd5 5. cxd5 d6 6. e4 g6 7. Bd3 Bg7 8. Qc2
O-O 9. Bg5 Na6 10. a3 Nc7 11. Nf3 Re8 12. O-O Qd7 13. Rfe1 Rb8 14. a4 Ng4 15.
h3 Ne5 16. Nxe5 Bxe5 17. Rab1 f6 18. Be3 a6 19. b4 cxb4 20. Rxb4 b5 21. axb5 f5
22. exf5 Qg7 23. Rb3 gxf5 24. Kh1 axb5 25. Nxb5 Nxb5 26. Rxb5 Rxb5 27. Bxb5 Rf8
28. f4 Bf6 29. Bf2 Bb7 30. Rd1 Rb8 31. Rd3 Kh8 32. Rg3 Qf7 33. Bc6 Bc8 34. Qd3
Rb2 35. Bd4 Rb4 36. Bxf6+ Qxf6 37. Re3 Kg7 38. Re8 Qa1+ 39. Kh2 Rb1 40. Qg3+
Kf7 41. Qg8+ 1-0

[Event "46. Villa de Mislata - Open B 2012"]
[Site "Mislata ESP"]
[Date "2012.08.16"]
[Round "6.10"]
[White "Fernandez Gil, Ruben Carlos"]
[Black "Primo Chica, Oscar"]
[Result "1-0"]
[WhiteElo "1853"]
[BlackElo "2034"]
[PlyCount "85"]
[EventDate "2012.08.13"]
[EventType "tourn"]
[EventRounds "9"]
[EventCountry "ESP"]
[EventCategory "2"]
[Source "lmi"]
[SourceDate "2012.08.13"]

1. e4 e6 2. d4 d5 3. Nc3 Nf6 4. e5 Nfd7 5. f4 a6 6. Nf3 c5 7. Be3 Nc6 8. Qd2
cxd4 9. Nxd4 Bb4 10. Be2 Qa5 11. Nb3 Qc7 12. O-O b6 13. a3 Be7 14. Bf3 O-O 15.
Ne2 Nc5 16. Nbd4 Bb7 17. Rac1 Na5 18. Bf2 Nc4 19. Qc3 Na4 20. Qb3 Naxb2 21. f5
Qxe5 22. fxe6 fxe6 23. Bg4 Bc5 24. Bxe6+ Kh8 25. Qc3 Na4 26. Qd3 Bxa3 27. Ra1
Nc5 28. Qh3 Bb2 29. Rab1 Rxf2 30. Rxf2 Bxd4 31. Nxd4 Qxd4 32. Bf5 h6 33. Rbf1
Ne3 34. c3 Qe5 35. Re1 Re8 36. Rfe2 d4 37. cxd4 Qxd4 38. Rxe3 Rf8 39. Kh1 Bc6
40. Qg4 Qf6 41. Rf1 Bd7 42. Ref3 Bc6 43. Be4 1-0

[Event "46. Villa de Mislata - Open B 2012"]
[Site "Mislata ESP"]
[Date "2012.08.17"]
[Round "7.1"]
[White "Bas Mas, Miguel"]
[Black "Lopez Mulet, Inigo"]
[Result "0-1"]
[WhiteElo "1925"]
[BlackElo "1960"]
[PlyCount "104"]
[EventDate "2012.08.13"]
[EventType "tourn"]
[EventRounds "9"]
[EventCountry "ESP"]
[EventCategory "2"]
[Source "lmi"]
[SourceDate "2012.08.13"]

1. e4 e6 2. d4 d5 3. Nd2 c5 4. exd5 Qxd5 5. Ngf3 cxd4 6. Bc4 Qd8 7. O-O Nc6 8.
Nb3 Nf6 9. Nbxd4 Nxd4 10. Nxd4 Bc5 11. Be3 O-O 12. Nf5 Qc7 13. Bxc5 Qxc5 14.
Ne3 Bd7 15. Qe1 a5 16. a4 Rfd8 17. c3 Ne4 18. f3 Nd6 19. Bd3 Rac8 20. Kh1 e5
21. Rf2 Rc7 22. Re2 f6 23. Qb1 h6 24. Qc2 Be6 25. Rd1 Rcd7 26. b3 Kh8 27. c4
Nf5 28. Bxf5 Rxd1+ 29. Nxd1 Bxf5 30. Qc1 Qb4 31. Ne3 Qxb3 32. h3 Qxa4 33. Rd2
Rxd2 34. Qxd2 Bd7 35. Kh2 Bc6 36. Qd8+ Kh7 37. Qc7 Kg6 38. Qc8 Qb4 39. h4 Qd6
40. Qg4+ Kh7 41. Nf5 Qc7 42. h5 Be8 43. Ne3 e4+ 44. g3 Qe5 45. fxe4 Qxh5+ 46.
Qxh5 Bxh5 47. Kg2 Bf7 48. c5 Bb3 49. Nf1 a4 50. Nd2 Ba2 51. Kf3 a3 52. Ke3 Be6
0-1

[Event "46. Villa de Mislata - Open B 2012"]
[Site "Mislata ESP"]
[Date "2012.08.17"]
[Round "7.2"]
[White "Llamazares Lopez, Marcos"]
[Black "Gomez Benitez, David"]
[Result "1-0"]
[WhiteElo "2002"]
[BlackElo "2062"]
[PlyCount "99"]
[EventDate "2012.08.13"]
[EventType "tourn"]
[EventRounds "9"]
[EventCountry "ESP"]
[EventCategory "2"]
[Source "lmi"]
[SourceDate "2012.08.13"]

1. Nf3 d5 2. d4 c6 3. Bf4 e6 4. e3 Bd6 5. Bxd6 Qxd6 6. Nbd2 Nf6 7. c4 Nbd7 8.
Bd3 O-O 9. O-O e5 10. cxd5 cxd5 11. dxe5 Nxe5 12. Nxe5 Qxe5 13. Qc2 Bg4 14. Nb3
Rac8 15. Qd2 Rfe8 16. h3 Bd7 17. Rac1 Rxc1 18. Rxc1 Qg5 19. Kf1 Qe5 20. Kg1 g5
21. Qc3 Qxc3 22. Rxc3 Rc8 23. Rxc8+ Bxc8 24. Nd4 Bd7 25. b4 Ne8 26. Nf5 Bxf5
27. Bxf5 Nd6 28. Bc2 h6 29. Bb3 Nc4 30. e4 Nd6 31. Bxd5 b6 32. Kf1 Kg7 33. Ke2
Kf6 34. Ke3 Ke5 35. g3 Nf5+ 36. Kd3 Nd6 37. a4 h5 38. a5 g4 39. h4 f5 40. axb6
axb6 41. Bc6 fxe4+ 42. Kc3 b5 43. Bd7 Kd5 44. Kd2 Nc4+ 45. Ke2 Ne5 46. Bxb5 Nf3
47. Be8 Nd4+ 48. Kd2 Nf3+ 49. Ke3 Nd4 50. Bxh5 1-0

[Event "46. Villa de Mislata - Open B 2012"]
[Site "Mislata ESP"]
[Date "2012.08.17"]
[Round "7.3"]
[White "Romero Calduch, Sergio"]
[Black "Nieves Cabanes, Jose Manuel"]
[Result "1/2-1/2"]
[WhiteElo "1972"]
[BlackElo "1872"]
[PlyCount "52"]
[EventDate "2012.08.13"]
[EventType "tourn"]
[EventRounds "9"]
[EventCountry "ESP"]
[EventCategory "2"]
[Source "lmi"]
[SourceDate "2012.08.13"]

1. d4 Nf6 2. c4 e6 3. Nc3 d5 4. cxd5 exd5 5. Bg5 c6 6. e3 Bf5 7. Qf3 Bg6 8.
Bxf6 gxf6 9. h4 h5 10. Rd1 Nd7 11. Bd3 Qb6 12. Qe2 O-O-O 13. Qc2 Bxd3 14. Rxd3
Kb8 15. Nge2 Bd6 16. O-O Rhg8 17. g3 Rg4 18. b4 Qxb4 19. Rb1 Qa5 20. Na4 Nb6
21. Nc5 Bxc5 22. dxc5 Rc4 23. Qb2 Qxc5 24. Qxf6 Qd6 25. Qxf7 Rc2 26. Qxh5 Rxa2
1/2-1/2

[Event "46. Villa de Mislata - Open B 2012"]
[Site "Mislata ESP"]
[Date "2012.08.17"]
[Round "7.4"]
[White "Cortes Marti, Javier"]
[Black "Echeverria, Nestor"]
[Result "1-0"]
[WhiteElo "2045"]
[BlackElo "2014"]
[PlyCount "123"]
[EventDate "2012.08.13"]
[EventType "tourn"]
[EventRounds "9"]
[EventCountry "ESP"]
[EventCategory "2"]
[Source "lmi"]
[SourceDate "2012.08.13"]

1. d4 Nf6 2. c4 c5 3. d5 b5 4. cxb5 g6 5. Nc3 a6 6. e4 d6 7. Nf3 Nbd7 8. h3 Bg7
9. Bd3 O-O 10. O-O axb5 11. Bxb5 Qa5 12. Qa4 Ba6 13. Bxa6 Qxa6 14. Qxa6 Rxa6
15. Re1 Nb6 16. Rb1 Rb8 17. b3 Nfd7 18. Bd2 Bxc3 19. Bxc3 Rxa2 20. b4 Na4 21.
Bd2 Rxd2 22. Nxd2 Nc3 23. Rbc1 cxb4 24. Re3 Nc5 25. f3 f5 26. Ra1 f4 27. Ree1
Nd3 28. Rf1 Kf7 29. Kh2 Kf6 30. Ra7 b3 31. Ra3 Nc5 32. Rc1 Nb5 33. Rxb3 Nxb3
34. Nxb3 Na3 35. Nd4 Rb4 36. Nc6 Rb2 37. h4 Nc2 38. Kh3 h6 39. g3 g5 40. gxf4
gxf4 41. Kg4 Ne3+ 42. Kxf4 Ng2+ 43. Kg3 h5 44. Rf1 Ne3 45. Rg1 Re2 46. Nd4 Rd2
47. Ne6 Nc4 48. Nf4 Ke5 49. Nxh5 Kd4 50. Nf4 Ne5 51. h5 Ra2 52. Ng6 Nf7 53.
Nxe7 Ra8 54. Kf4 Ne5 55. Nf5+ Kc5 56. h6 Rh8 57. Rg7 Nd3+ 58. Kg5 Ne5 59. f4
Nd3 60. Rc7+ Kb6 61. Rc6+ Kb7 62. Nxd6+ 1-0

[Event "46. Villa de Mislata - Open B 2012"]
[Site "Mislata ESP"]
[Date "2012.08.17"]
[Round "7.5"]
[White "Monmeneu Chulia, Vicente Juan"]
[Black "Ortega Gadea, Santiago"]
[Result "1-0"]
[WhiteElo "1998"]
[BlackElo "2047"]
[PlyCount "69"]
[EventDate "2012.08.13"]
[EventType "tourn"]
[EventRounds "9"]
[EventCountry "ESP"]
[EventCategory "2"]
[Source "lmi"]
[SourceDate "2012.08.13"]

1. d4 g6 2. c4 Bg7 3. Nc3 Nf6 4. e4 d6 5. Nf3 O-O 6. h3 e5 7. d5 a5 8. Bg5 Na6
9. g4 Qe8 10. Be2 Kh8 11. Nd2 Ng8 12. h4 h6 13. Be3 f5 14. gxf5 gxf5 15. Bh5
Qe7 16. exf5 Bxf5 17. Nde4 Nf6 18. Bf3 Nc5 19. Bxc5 dxc5 20. h5 c6 21. Qe2 b5
22. dxc6 bxc4 23. Qxc4 Rab8 24. O-O-O Nxe4 25. Bxe4 Qg5+ 26. Kb1 Bxe4+ 27. Nxe4
Qf4 28. a3 Rb6 29. c7 Qf3 30. Rhg1 Qxa3 31. Qc2 Qb4 32. Rd8 Rc6 33. Rd7 Rg8 34.
Nf6 Rxf6 35. Rgxg7 1-0

[Event "46. Villa de Mislata - Open B 2012"]
[Site "Mislata ESP"]
[Date "2012.08.17"]
[Round "7.6"]
[White "Diaz Benitez, Ricardo"]
[Black "Baeza Garcia, Agustin"]
[Result "1-0"]
[WhiteElo "2020"]
[BlackElo "1939"]
[PlyCount "131"]
[EventDate "2012.08.13"]
[EventType "tourn"]
[EventRounds "9"]
[EventCountry "ESP"]
[EventCategory "2"]
[Source "lmi"]
[SourceDate "2012.08.13"]

1. d4 e6 2. Nf3 Nf6 3. Bf4 c5 4. e3 b6 5. Nbd2 Bb7 6. Bd3 cxd4 7. exd4 Be7 8.
h3 O-O 9. O-O d6 10. Re1 Nbd7 11. c3 Qc7 12. a4 a6 13. Bh2 Rfe8 14. Nc4 Bf8 15.
Rc1 Bd5 16. Ne3 Bc6 17. c4 Qb7 18. d5 exd5 19. Nd4 dxc4 20. Bxc4 Be4 21. f3 Bg6
22. Qb3 Nc5 23. Qd1 d5 24. Bf1 Qd7 25. b4 Ne6 26. Nxe6 Rxe6 27. Rc7 Qe8 28. Qd2
Qxa4 29. Nxd5 Rxe1 30. Nxf6+ gxf6 31. Qxe1 Qxb4 32. Qc1 Bc5+ 33. Kh1 Qd4 34.
Bc4 Rd8 35. Bf4 Qd1+ 36. Qxd1 Rxd1+ 37. Kh2 Bd6 38. Bxd6 Rxd6 39. Bxa6 Bd3 40.
Bxd3 Rxd3 41. Rc6 b5 42. Rxf6 b4 43. Rb6 Rb3 44. Kg3 Rb1 45. h4 b3 46. h5 Kf8
47. Kf4 Ke7 48. Kf5 b2 49. Rb7+ Kd6 50. Kf6 Kc6 51. Rb8 Kc7 52. Rb4 Rh1 53.
Rxb2 Rxh5 54. Kxf7 Kd6 55. Re2 Rh2 56. f4 h5 57. Rd2+ Kc7 58. Ke6 h4 59. Rd7+
Kc6 60. Rg7 h3 61. g4 Ra2 62. Kf5 h2 63. Rh7 Kd6 64. Kf6 Rb2 65. f5 Rg2 66. g5
1-0

[Event "46. Villa de Mislata - Open B 2012"]
[Site "Mislata ESP"]
[Date "2012.08.17"]
[Round "7.7"]
[White "Morant Amezaga, Elies"]
[Black "Fernandez Gil, Ruben Carlos"]
[Result "1/2-1/2"]
[WhiteElo "2013"]
[BlackElo "1853"]
[PlyCount "92"]
[EventDate "2012.08.13"]
[EventType "tourn"]
[EventRounds "9"]
[EventCountry "ESP"]
[EventCategory "2"]
[Source "lmi"]
[SourceDate "2012.08.13"]

1. d4 Nf6 2. c4 c5 3. Nf3 cxd4 4. Nxd4 Nc6 5. Nc3 g6 6. e4 d6 7. Be2 Bg7 8. Be3
O-O 9. O-O Bd7 10. Nxc6 Bxc6 11. f3 Nd7 12. Qd2 a5 13. b3 Nc5 14. Rad1 Qb6 15.
Kh1 Qb4 16. Nb1 f5 17. exf5 Rxf5 18. Bd4 Bxd4 19. Qxd4 a4 20. Qd2 Qxd2 21. Nxd2
axb3 22. axb3 Re5 23. Rfe1 Ra2 24. Kg1 Nxb3 25. Nxb3 Rexe2 26. Rxe2 Rxe2 27.
Kf1 Rc2 28. Nd2 Kf7 29. Ke2 Kf6 30. Ra1 Rc3 31. Ra5 Ke6 32. Kd1 Re3 33. Nf1 Re5
34. Ra3 d5 35. Nd2 Kd6 36. Ra5 d4 37. Ra3 Kc5 38. Ra5+ b5 39. cxb5 Bxb5 40.
Ne4+ Kb4 41. Ra1 d3 42. Rc1 Rd5 43. Nc3 Rd4 44. Nxb5 Kxb5 45. Kd2 Rc4 46. Rb1+
Kc5 1/2-1/2

[Event "46. Villa de Mislata - Open B 2012"]
[Site "Mislata ESP"]
[Date "2012.08.17"]
[Round "7.8"]
[White "Gimenez Sanchis, Francisco  Andres"]
[Black "Penades Ordaz, Victor"]
[Result "0-1"]
[WhiteElo "2020"]
[BlackElo "2091"]
[PlyCount "66"]
[EventDate "2012.08.13"]
[EventType "tourn"]
[EventRounds "9"]
[EventCountry "ESP"]
[EventCategory "2"]
[Source "lmi"]
[SourceDate "2012.08.13"]

1. e4 c5 2. Nf3 Nc6 3. c3 d5 4. exd5 Qxd5 5. Bb5 Bg4 6. O-O Bxf3 7. Qxf3 Qxf3
8. gxf3 Rc8 9. d3 Nf6 10. Be3 a6 11. Ba4 b5 12. Bc2 e6 13. Nd2 Be7 14. Ne4 Nd7
15. f4 h6 16. Kh1 f5 17. Nd2 g5 18. fxg5 hxg5 19. f4 g4 20. Rae1 Kf7 21. Kg2
Rh6 22. Bf2 Rch8 23. Rh1 Bd6 24. Bg3 Nf6 25. Bb3 Nh5 26. Ref1 Ne7 27. c4 Ng6
28. cxb5 axb5 29. Ne4 fxe4 30. f5 Ngf4+ 31. Bxf4 Nxf4+ 32. Kg1 c4 33. Bxc4 Bc5+
0-1

[Event "46. Villa de Mislata - Open B 2012"]
[Site "Mislata ESP"]
[Date "2012.08.17"]
[Round "7.9"]
[White "Bellosta Lopez, Pablo"]
[Black "Martinez Hernandez, Javier"]
[Result "1-0"]
[WhiteElo "2066"]
[BlackElo "1963"]
[PlyCount "50"]
[EventDate "2012.08.13"]
[EventType "tourn"]
[EventRounds "9"]
[EventCountry "ESP"]
[EventCategory "2"]
[Source "lmi"]
[SourceDate "2012.08.13"]

1. e4 g6 2. d4 Bg7 3. Nc3 d6 4. Be3 Nf6 5. f3 O-O 6. Qd2 e5 7. Nge2 Nbd7 8.
O-O-O a6 9. g4 exd4 10. Nxd4 b5 11. h4 b4 12. Nce2 Ne5 13. g5 Nxf3 14. Nxf3
Nxe4 15. Qd5 Bf5 16. Nfd4 c6 17. Nxc6 Qc7 18. Ned4 Rfe8 19. Nxf5 gxf5 20. Bd3
Rac8 21. Nd4 Nc5 22. Nxf5 Re5 23. Qxd6 Bf8 24. Qxc7 Nxd3+ 25. Rxd3 Rxc7 1-0